| 000 | 00957cam1a220021700 4500 | ||
|---|---|---|---|
| 001 | qce01719494 | ||
| 005 | 20190826203108.0 | ||
| 008 | 741007s1963 stk d 000 0 eng u | ||
| 035 | _a(Sirsi) r64048 | ||
| 035 | _a(QCAT)lss00661171 | ||
| 035 | _a(UPRA)qce01719494 | ||
| 040 | _dUPRA | ||
| 245 | 0 | 0 |
_aDictionary of foreign phrases and classical quotations : _bcomprising 14,000 idioms, proverbs, maxims, mottoes, technical words and terms, and press allusions from the works of the great writers in Latin, French, Italian, Greek, German, Spanish, Portuguese, alphabetically arranged, with English translations and equivalents / _cedited with notes by Hugh Percy Jones. |
| 250 | _aNew and rev. ed. | ||
| 260 |
_aEdinburgh : _bJ. Grant, _c[1963] |
||
| 500 | _aReprint of 1918 ed. | ||
| 650 | 0 |
_aQuotations. _6S3995.1 |
|
| 700 | 1 |
_aJones, Hugh Percy. _6A23918.1 |
|
| 949 |
_aPN6080 _wlcc _c 1 _i33729000124011 _mMAIN _p2500 _tBOOK _lON-SHELF |
||
| 004 | 64048 | ||
| 999 |
_c172221 _d172221 |
||